El existencialismo Sartre, Heidegger, Marcel, Lavelle

Sparad:
Bibliografiska uppgifter
Huvudupphovsman: Quiles, Ismael (Författare, medförfattare)
Materialtyp: Bok
Språk:spanska
Publicerad: Buenos Aires Depalma 1988
Serie:Obras de Ismael Quiles, 15
Ämnen:
Taggar: Lägg till en tagg
Inga taggar, Lägg till första taggen!

MARC

LEADER 00000nam a2200000 a 4500
001 UCY7760
003 CL-VaPUC
008 950622e19880000AG |||||||||||||||||spa|d
082 0 4 |a 201  |b QUI  |2 21 
100 0 |a Quiles, Ismael  |e author  |9 338517 
245 1 3 |a El existencialismo Sartre, Heidegger, Marcel, Lavelle 
300 |a 331 p 
942 |c BK 
945 |d 19950622 00:00:00  |a aalvarez 
260 |a Buenos Aires  |b Depalma  |c 1988 
650 0 |a Existencialismo  |9 265698 
583 |a last modification  |c 19950622 00:00:00  |k Rodrigo Vera 
490 0 |a Obras de Ismael Quiles, 15 
999 |c 235079  |d 235077 
952 |0 0  |1 0  |4 0  |6 201_000000000000000_QUI_1988  |7 0  |8 A  |9 242229  |a BIBTEO  |b BIBTEO  |d 2019-11-18  |i 3094111  |o 201 QUI 1988  |p 3094111  |r 2025-01-17  |w 2019-11-18  |y BK  |k ICR